| 000 | 01364nam a2200313 a 4500 | ||
|---|---|---|---|
| 999 |
_c413358 _d413358 |
||
| 003 | BLK | ||
| 005 | 20250102135454.0 | ||
| 008 | 180413b bul|||||r ||||||| ||bul|| | ||
| 010 | _aKNG00023372000 | ||
| 020 | _a9786197525045 | ||
| 040 | _aBLK | ||
| 041 |
_aBUL _cBUL |
||
| 080 |
_aБългарска литература _b821.163.2 _x-312.6 _z821.163.2-312.6 |
||
| 080 |
_aРайна Попгеоргиева Футекова-Дипчева. Българска учителка, ушила главното въстаническо знаме на Панагюрски революционен окръг за Априлското въстание _b929 Райна княгиня _z929 Райна княгиня |
||
| 100 |
_aМаринова, Йорданка _eпърви автор _91299 |
||
| 139 |
_aМаринова, Йорданка _bМ 31 |
||
| 245 | 1 | 0 |
_aРайкя _bРоман _cЙорданка Маринова. |
| 257 | _aBGR | ||
| 260 |
_aСофия _bИвиПет _c2020 _fСофия : Мениджмънт Бизнес Машин ООД _9390222 |
||
| 300 |
_a360 с. _c21 см |
||
| 380 | _aX | ||
| 600 | 1 | 4 |
_aРайна княгиня _9244832 |
| 653 | _aРайна княгиня | ||
| 856 | 4 |
_qpdf _u |
|
| 856 | 4 |
_qpdf _u |
|
| 942 |
_cKNG _n0 _s1 _013 |
||
| 944 |
_k30531 _lЦветелина Шанова |
||
| 999 | _d413358 | ||